| 000 | 00505nam a22001817a 4500 | ||
|---|---|---|---|
| 999 |
_c18182 _d18182 |
||
| 003 | AR-CdUCM | ||
| 008 | 190513b ||||| |||| 00| 0 spa d | ||
| 040 |
_aMUNICIPALIDAD PROVINCIAL DEL CUSCO _cBIBLIOTECA MUNICIPAL DEL CUSCO |
||
| 082 |
_a828.9 / _bH86 |
||
| 100 |
_aHodson Burnett, F. _938633 |
||
| 245 | _aLa princesita / | ||
| 260 |
_aBarcelona : _bMateu, _c1960. |
||
| 300 |
_a240 páginas ; _c20 cm. |
||
| 505 | _aLiteratura. | ||
| 650 |
_aLiteratura. _983 |
||
| 942 |
_2ddc _cLIBROS |
||
| 945 | _awfj | ||